000 nam a22 7a 4500
999 _c35977
_d35977
003 OSt
005 20170729115725.0
008 170729b xxu||||| |||| 00| 0 eng d
040 _cSEROSOFT
100 _aMARCH,JEREY
245 _aADVANCED ORGANIC CHEMISTRY
260 _aDELHI
_bWILEY INDIA
_c1992
300 _a1495
942 _2ddc
_c03